=LDR 00000nam 2200000 4500 =001 000908 =005 20250712122229 =035 ##$$a 0010-0725000786 =007 ta =008 250712################a##########0#ind## =020 ##$$a 978-623-307-521-3 =082 ##$$a 398.205 598 =084 ##$$a 398.205 598 CHE b =100 #$$a Cheh, Komar Rien Komar =245 1#$$a Berjalan-jalan di Taman /$c Komar Rien Komar Cheh =250 ##$$a Cetakan Pertama =260 ##$$a Jakarta Timur :$b Badan Pengembangan dan Pembinaan Bahasa,$c 2022 =300 ##$$a 20 hlm : $b ilus. ; $c 21,5 cm =650 #4$$a Literasi-Bahan Bacaan =600 #4$$a Cerita Anak Indonesia-Terjemahan =856 ##$$a TBM AS SUHADA =990 ##$$a TBM202400970